000 00518nam a22001457a 4500
020 _a9789351243113
082 _a338.926091724
_bSCI
100 _aEdited by Zahuranec, Bernard J.
245 _aScience and Technology Diplomacy in Developing Countries /
_cEdited by Bernard J. Zahuranec, Venugopala Ittekkot and Elizabeth Montgomery
260 _aNew Delhi:
_bDaya Publishing House,
_c2014.
300 _a248p. ;
_c24 cm.
942 _2ddc
_cBK
999 _c587714
_d587714